000 00715nam a2200217Ii 4500
003 JO-AjNU
008 230605s9999||||xx |||||||||||||| ||und||
017 _a1994/2786
020 _a977-01-3707-3
040 _aJO-AjNU
_bara
_erda
_cJO-AjNU
041 _aara
050 1 4 _aBP60.H43 1994
100 3 _aحفني، عبد الحليم,
_eauthor
_915372
245 0 0 _aبين الدين والحياة(في رحلة قطار)
264 3 1 _aالقاهرة: الهيئة المصرية العامة للكتاب، 1994
300 _a235ص
336 _atext
_btxt
_2rdacontent
337 _aunmediated
_bn
_2rdamedia
338 _avolume
_bnc
_2rdacarrier
650 4 _aالاسلام- القرن العشرون
_915373
999 _aA4326
_c7894
_d7894